[Event "SRB-chT2 West"]
[Site "Serbia"]
[Date "2006.10.14"]
[Round "6.1"]
[White "Mijatovic, Aca"]
[Black "Kicovic, Bozidar"]
[Result "1/2-1/2"]
[WhiteElo "2210"]
[BlackElo "2146"]
[PlyCount "98"]
[EventDate "2006.09.09"]
[EventType "team"]
[EventRounds "11"]
[EventCountry "SRB"]
[SourceTitle "EXT 2012"]
[Source "ChessBase"]
[SourceDate "2011.11.24"]
[SourceVersion "1"]
[SourceVersionDate "2011.11.24"]
[SourceQuality "1"]

1. d4 Nf6 2. c4 e5 3. dxe5 Ng4 4. Bf4 Nc6 5. Nf3 Bb4+ 6. Nc3 Qe7 7. Qd5 Bxc3+ 8. bxc3 Qa3 9. Rc1 d6 10. exd6 Be6 11. Qb5 0-0 12. Qb3 Qc5 13. e3 cxd6 14. Be2 Na5 15. Qb4 Nxc4 16. Nd4 Nge5 17. 0-0 b6 18. Rfd1 Rfd8 19. Bg5 Rdc8 20. e4 Qxb4 21. cxb4 Nb2 22. Rxc8+ Rxc8 23. Rc1 Rxc1+ 24. Bxc1 Ned3 25. Bxb2 Nxb2 26. Nb5 Bxa2 27. Nxa7 d5 28. exd5 Bxd5 29. Nc8 Bc4 30. Kf1 b5 31. Nd6 Kf8 32. Nxb5 Bd3 33. Ke1 Ke7 34. Kd2 Bxe2 35. Kxe2 Ke6 36. Nc3 Ke5 37. Ke3 Nc4+ 38. Kd3 Nb6 39. g3 g5 40. h3 f5 41. f3 h5 42. Ne2 h4 43. gxh4 gxh4 44. f4+ Kd5 45. Nc3+ Kd6 46. Kd4 Nd7 47. Nd5 Nf8 48. b5 Ne6+ 49. Kc4 Kd7 1/2-1/2

[Event "SRB-chT2 West"]
[Site "Serbia"]
[Date "2006.09.16"]
[Round "2.4"]
[White "Mijatovic, Aca"]
[Black "Vasic, Vladimir"]
[Result "0-1"]
[WhiteElo "2210"]
[BlackElo "2185"]
[PlyCount "94"]
[EventDate "2006.09.09"]
[EventType "team"]
[EventRounds "11"]
[EventCountry "SRB"]
[SourceTitle "EXT 2012"]
[Source "ChessBase"]
[SourceDate "2011.11.24"]
[SourceVersion "1"]
[SourceVersionDate "2011.11.24"]
[SourceQuality "1"]

1. d4 d5 2. c4 dxc4 3. e3 e5 4. Bxc4 exd4 5. Nf3 Bb4+ 6. Kf1 Nc6 7. exd4 Bg4 8. d5 Bxf3 9. gxf3 Qh4 10. Qe2+ Nce7 11. Bb5+ Kf8 12. Qe4 Qh3+ 13. Ke2 Bd6 14. Nc3 Nf6 15. Qd4 Nf5 16. Qd3 a6 17. Bc4 b5 18. Bb3 Re8+ 19. Ne4 Qg2 20. Be3 Bxh2 21. Bc5+ Kg8 22. Kd2 Nxe4+ 23. fxe4 Bf4+ 24. Kc2 Qxe4 25. Qxe4 Rxe4 26. Kd3 Re5 27. a4 g6 28. axb5 axb5 29. Bb4 Kg7 30. Bc3 f6 31. Bxe5 Bxe5 32. Ra2 h5 33. Bd1 Rd8 34. Ke4 Nd6+ 35. Kd3 Nc4 36. b3 Rxd5+ 37. Ke4 Rd4+ 38. Kf3 Nd2+ 39. Kg2 b4 40. Re1 h4 41. Bc2 g5 42. Ra5 Bd6 43. Ra8 g4 44. Ree8 h3+ 45. Kh1 Bf4 46. Rg8+ Kf7 47. Rae8 f5 0-1